000 00623cam a2200193 a 4500
020 _a0861873572
082 0 _a382/.3
_bSEN
_cD
100 1 _aSen, Gautam,
_937181
245 1 4 _aThe military origins of industrialisation and international trade rivalry /
_cGautam Sen.
260 _aLondon :
_bFrances Pinter,
_c1984.
300 _a277 p. :
_bill ;
_c24 cm.
500 _aIncludes index.
526 _a0
_b0
_c0
_d382_300000000000000_SEN
526 _a0
_b0
_c0
_d382_300000000000000_SEN
650 0 _aCommercial policy.
_937182
650 0 _aIndustrialization.
_937183
650 0 _aMilitary policy.
_937184
942 _2ddc
_cBK
999 _c542086
_d542086